| 000 | 00860nam a2200217 a 4500 | ||
|---|---|---|---|
| 003 | EG-GiCUC | ||
| 008 | 100401s1977 ua g 000 0 ara d | ||
| 040 |
_aEG-GiCUC _bara _cEG-GiCUC |
||
| 092 | 0 | 4 |
_a341.552 _bD212 _221 |
| 099 |
_a04 _a341.552 D212 |
||
| 100 | 1 | _aالدقاق : محمد السعيد | |
| 245 | 1 | 0 |
_aحول سلطة محكمة العدل الدولية فى اتخاذ تدابير تحفظية / _cمحمد السعيد الدقاق |
| 260 |
_aالاسكندرية : _bدار المطبوعات الجامعية : _c1977 |
||
| 300 |
_a61 ص ؛ _c24سم |
||
| 610 | 2 | 0 |
_aمحكمة العدل الدولية _2qrmak |
| 902 | _a1 | ||
| 905 |
_aمنى _eمدخل |
||
| 905 | _eمراجع | ||
| 942 |
_2ddc _cBK |
||
| 999 |
_c118815 _d118815 |
||